00551cam a22001812 4500001001100000005001700011008004100028020001700069040001500086245004600101260002500147300001800172504003200190650004200222650004200264700003300306700003000339000002539120151217154531.0150831s xx 000 0 eng d a0199551132 : aKABUcKABU14aThe Future of International Economic Law. aUK :bO.U.P.,c2008. a viii, 326 p. aInternational Economic Law. 0aWorld Trade Organization.@0000151316 0aForeign trade regulation.@00001627691 aWilliam J Davey.@00001860541 aJohn Jackson.@0000186055